00274nam a2200121Ia 4500008004100000041000900041082001800050100001700068245001800085260003300103300000800136650000800144230718s9999 xx 000 0 und d aEng. a346.06bKAR-D aKarp Leonaed 0aDomestic tort aPakistanbMc grow hillc1989 a759 aLaw